| 000 | 00533 a2200169 4500 | ||
|---|---|---|---|
| 005 | 20250527094417.0 | ||
| 020 | _a0-07-253651-9 | ||
| 082 | _aLECT 657.3 WIL | ||
| 100 | _aWILD, J. J. | ||
| 245 | _aFinancial Statement analysis. | ||
| 250 | _a8th Ed. | ||
| 260 |
_aBoston, _bMcGraw-Hill, _c2004. |
||
| 300 |
_axix, 186p.: ill.; chart, figure, graph, table. _bIndex, _c26cm. |
||
| 700 | _aSUBRAMANYAM, K. R. & HALSEY, R. F. | ||
| 856 |
_yAccess online Book. _fFinancial Statement analysis, _dwww.mhhe.com. |
||
| 942 |
_2ddc _cBKS |
||
| 999 |
_c2717 _d2717 |
||